[Event "9eme Open International de La Fere"]
[Site "La Fere (FRA)"]
[Date "2010.07.04"]
[Round "2.14"]
[White "Husson, Cybele"]
[Black "Daniel, Antoine"]
[Result "1-0"]
[WhiteElo "2040"]
[BlackElo "1863"]
[PlyCount "103"]
[EventDate "2010.??.??"]

1. e4 Nf6 2. Nc3 d5 3. exd5 Nxd5 4. Bc4 c6 5. Qf3 Be6 6. Nge2 Qd7 7. h3 Nb4 8.
Bxe6 Qxe6 9. Kd1 g6 10. Nf4 Qf5 11. d3 h5 12. Re1 Nd7 13. Qe4 Qxe4 14. Nxe4 e6
15. Ng5 Nd5 16. a4 Be7 17. Ne4 O-O-O 18. c3 N7f6 19. Kc2 Nxe4 20. Rxe4 Bd6 21.
a5 Nxf4 22. Bxf4 f5 23. Rc4 Bxf4 24. Rxf4 e5 25. Rc4 Kc7 26. f3 Rd5 27. b4 Rhd8
28. Rd1 g5 29. g4 hxg4 30. hxg4 f4 31. Re4 Re8 32. d4 Red8 33. Rxe5 Rxe5 34.
dxe5 Rxd1 35. Kxd1 Kd7 36. Kd2 Ke6 37. Kd3 Kxe5 38. Kc4 b6 39. a6 Kd6 40. Kd4
Ke6 41. Ke4 Kf6 42. b5 cxb5 43. Kd5 Kf7 44. Ke5 Ke7 45. Kf5 Kd6 46. Kxg5 Kd5
47. Kxf4 Kc4 48. g5 Kxc3 49. g6 b4 50. g7 b3 51. g8=Q b2 52. Qa2 1-0

[Event "9eme Open International de La Fere"]
[Site "La Fere (FRA)"]
[Date "2010.07.04"]
[Round "2.15"]
[White "Meunier, Samuel"]
[Black "Derigny, Philippe"]
[Result "1-0"]
[WhiteElo "1944"]
[BlackElo "1986"]
[PlyCount "107"]
[EventDate "2010.??.??"]

1. e4 d6 2. d4 Nf6 3. Nc3 g6 4. Bg5 Bg7 5. e5 dxe5 6. dxe5 Nfd7 7. e6 fxe6 8.
Nf3 c6 9. Bc4 Nb6 10. Qxd8+ Kxd8 11. O-O-O+ Ke8 12. Bb3 Na6 13. Ne4 h6 14. Be3
Nd5 15. Bd4 Bxd4 16. Nxd4 e5 17. Nf3 Bf5 18. Rhe1 Bg4 19. Bxd5 cxd5 20. Rxd5
Bxf3 21. gxf3 Rc8 22. Rxe5 Kf7 23. Nc3 Rhe8 24. h4 Rc5 25. f4 e6 26. Ne4 Rxe5
27. fxe5 Re7 28. Rd1 Nb4 29. a3 Nd5 30. Rd3 Kg7 31. Kd2 Rc7 32. b3 b5 33. Nd6
Rc5 34. Rf3 g5 35. hxg5 hxg5 36. Ne4 Rc6 37. Nxg5 Kg6 38. Ne4 a5 39. Nd6 b4 40.
axb4 axb4 41. Rg3+ Kh5 42. Rg8 Nf4 43. Rb8 Nd5 44. Nc4 Kg5 45. Ne3 Nb6 46. Rd8
Rc7 47. Rd6 Rd7 48. Rxd7 Nxd7 49. Nc4 Kf4 50. c3 Nc5 51. cxb4 Ne4+ 52. Ke2 Nc3+
53. Kd3 Nd5 54. b5 1-0

[Event "9eme Open International de La Fere"]
[Site "La Fere (FRA)"]
[Date "2010.07.04"]
[Round "2.18"]
[White "Casier, Fabrice"]
[Black "Pytel, Bozena"]
[Result "1-0"]
[WhiteElo "1802"]
[BlackElo "1964"]
[PlyCount "191"]
[EventDate "2010.??.??"]

1. c4 e5 2. Nc3 d6 3. Nf3 f5 4. d3 Nf6 5. e4 Be7 6. Be2 O-O 7. O-O Nc6 8. Rb1
a5 9. a3 f4 10. b4 axb4 11. axb4 b6 12. d4 exd4 13. Nxd4 Nxd4 14. Qxd4 Bb7 15.
Nd5 c5 16. bxc5 dxc5 17. Nxf6+ Bxf6 18. Qxd8 Bxd8 19. f3 Bc7 20. Rd1 Bc6 21.
Bb2 Ra2 22. Rd3 b5 23. cxb5 Bxb5 24. Rd2 Bxe2 25. Rxe2 c4 26. Kf1 Ba5 27. Be5
Rxe2 28. Kxe2 g5 29. Rb7 Rf7 30. Rb5 Ra7 31. Bd4 Ra6 32. Rxg5+ Kf8 33. Rc5 Bb4
34. Rxc4 Ra2+ 35. Kf1 Bd2 36. Rc7 Be3 37. Bxe3 fxe3 38. Rc3 Rf2+ 39. Ke1 Rxg2
40. Rxe3 Rxh2 41. Re2 Rh3 42. Kf2 Rh6 43. Kg3 Rg6+ 44. Kf4 Rf6+ 45. Ke3 Ra6 46.
Rh2 h6 47. e5 Kf7 48. Ke4 Kg6 49. Rg2+ Kf7 50. Kf5 Rb6 51. f4 h5 52. Rh2 Rh6
53. Rh4 Rh8 54. Kg5 Ke6 55. Rxh5 Rg8+ 56. Kh4 Rg1 57. Rh6+ Ke7 58. Rh5 Ke6 59.
Rg5 Rf1 60. Rg6+ Kf7 61. Rf6+ Ke7 62. Kg5 Rh1 63. Kf5 Rh5+ 64. Kg6 Rh1 65. Kg7
Rg1+ 66. Rg6 Rf1 67. Rg4 Rf2 68. Kg6 Ke6 69. Kh7 Rf1 70. Rg6+ Ke7 71. Rf6 Rh1+
72. Kg6 Rh2 73. f5 Rg2+ 74. Kh7 Re2 75. Re6+ Kf7 76. Kh6 Rh2+ 77. Kg5 Rg2+ 78.
Kh4 Rf2 79. Rf6+ Ke7 80. Kg3 Rf1 81. Kg4 Rg1+ 82. Kh5 Rf1 83. Kh6 Re1 84. Kg7
Rxe5 85. Rf7+ Ke8 86. Rf8+ Kd7 87. f6 Rg5+ 88. Kf7 Rg1 89. Rg8 Rf1 90. Rg6 Kd8
91. Kf8 Rf2 92. Kf7 Kd7 93. Rg4 Kd6 94. Re4 Rf1 95. Kg7 Rg1+ 96. Kf8 1-0

[Event "9eme Open International de La Fere"]
[Site "La Fere (FRA)"]
[Date "2010.07.04"]
[Round "2.19"]
[White "Ben Porat, Zeev"]
[Black "Biniaux, Michael"]
[Result "1-0"]
[WhiteElo "1956"]
[BlackElo "1772"]
[PlyCount "99"]
[EventDate "2010.??.??"]

1. e4 d5 2. exd5 Qxd5 3. Nc3 Qa5 4. d4 c6 5. Bc4 Nf6 6. Bd2 Bf5 7. Nd5 Qd8 8.
Nxf6+ gxf6 9. Bc3 Rg8 10. g3 e6 11. a4 a5 12. f3 h5 13. Qd2 Qc7 14. Ne2 Bd6 15.
O-O-O Nd7 16. Bd3 Bxd3 17. Qxd3 f5 18. Bd2 O-O-O 19. c4 Bb4 20. Bxb4 axb4 21.
Qe3 Rg6 22. Nf4 Nb6 23. b3 Rgg8 24. Nxh5 Nd7 25. Nf4 Kb8 26. Nd3 c5 27. dxc5 e5
28. Nxb4 Qxc5 29. Qxc5 Nxc5 30. Kb2 e4 31. f4 Kc7 32. Rxd8 Rxd8 33. Nd5+ Kd7
34. Kc3 Ke6 35. Ra1 Rh8 36. Ra2 Nd3 37. a5 Nc1 38. Rc2 Nd3 39. b4 Ne1 40. Ra2
Nd3 41. a6 Nc1 42. Rc2 bxa6 43. Rxc1 Rxh2 44. Re1 Kd7 45. Kb3 Rd2 46. Re3 Rg2
47. Ka4 Rc2 48. Rc3 Ra2+ 49. Ra3 Rc2 50. Ne3 1-0

[Event "9eme Open International de La Fere"]
[Site "La Fere (FRA)"]
[Date "2010.07.04"]
[Round "2.20"]
[White "Biyidi, Thomas"]
[Black "Mestdagh, Franck"]
[Result "0-1"]
[WhiteElo "1789"]
[BlackElo "1944"]
[PlyCount "68"]
[EventDate "2010.??.??"]

1. c4 e6 2. Nc3 d5 3. d4 Nf6 4. Bg5 Be7 5. e3 Nbd7 6. cxd5 exd5 7. Bd3 O-O 8.
Nge2 Re8 9. O-O c6 10. Rc1 Nf8 11. Ng3 h6 12. Bxf6 Bxf6 13. b4 Be7 14. b5 Bd6
15. bxc6 bxc6 16. Nf5 Ba3 17. Rb1 Ng6 18. Qa4 Bf8 19. Rb2 Qg5 20. Ng3 Bg4 21.
Bxg6 Qxg6 22. Rb7 h5 23. h3 Bxh3 24. gxh3 h4 25. Nce2 hxg3 26. Nxg3 Rxe3 27.
Kh2 Bd6 28. Rg1 Re2 29. Rb3 Rxf2+ 30. Rg2 Rxg2+ 31. Kxg2 Re8 32. Qa6 Qc2+ 33.
Kg1 Re1+ 34. Nf1 Qh2# 0-1

[Event "9eme Open International de La Fere"]
[Site "La Fere (FRA)"]
[Date "2010.07.04"]
[Round "2.21"]
[White "Swiercz, Sonia"]
[Black "Soveaux, Jean"]
[Result "0-1"]
[WhiteElo "1762"]
[BlackElo "1932"]
[PlyCount "86"]
[EventDate "2010.??.??"]

1. e4 e5 2. Nf3 Nc6 3. Bc4 h6 4. Nc3 Nf6 5. d3 d6 6. h3 a6 7. Nd5 Nxd5 8. Bxd5
Ne7 9. Bb3 Ng6 10. d4 Qf6 11. dxe5 dxe5 12. Qd5 c6 13. Qd3 Be6 14. Bxe6 Qxe6
15. Be3 Be7 16. O-O Rd8 17. Qc3 O-O 18. a3 Rd7 19. Rad1 f6 20. Rxd7 Qxd7 21.
Nd2 Kh7 22. Nb3 Nf4 23. Bxf4 exf4 24. Nc5 Qc8 25. Nd3 f3 26. Nf4 g5 27. Nh5
fxg2 28. Kxg2 Qe6 29. Ng3 Bd6 30. Qf3 Be5 31. c3 b5 32. Nf5 Qf7 33. Ne3 Qg6 34.
Ng4 Bf4 35. Rd1 Rf7 36. Ne3 h5 37. Rd8 Bxe3 38. Qxe3 g4 39. hxg4 Qxg4+ 40. Qg3
Qxe4+ 41. Kh2 Rg7 42. Qh3 Qe5+ 43. Kh1 Qe1+ 0-1

[Event "9eme Open International de La Fere"]
[Site "La Fere (FRA)"]
[Date "2010.07.04"]
[Round "2.22"]
[White "Sainseaux, Patrice"]
[Black "Dagnicourt, Francis"]
[Result "1-0"]
[WhiteElo "1921"]
[BlackElo "1748"]
[PlyCount "71"]
[EventDate "2010.??.??"]

1. Nf3 d5 2. d4 Nf6 3. c4 c6 4. Nc3 g6 5. cxd5 cxd5 6. Bf4 Bg7 7. e3 a6 8. h3
Nc6 9. g4 Qa5 10. Rc1 Ne4 11. Qb3 e6 12. Bd3 Nf6 13. Ke2 O-O 14. Rcg1 Bd7 15.
h4 h6 16. g5 Nh5 17. Bd6 Rfc8 18. Qc2 Nb4 19. Bxb4 Qxb4 20. gxh6 Bxh6 21. Bxg6
Ng7 22. Bd3 Bb5 23. Bxb5 axb5 24. Ra1 Qe7 25. Qb3 Rc4 26. a3 b4 27. axb4 Rxa1
28. Rxa1 Rxb4 29. Ra8+ Kh7 30. Qc2+ Nf5 31. e4 Rxd4 32. Kf1 Rc4 33. exf5 f6 34.
fxe6+ Kg7 35. Qf5 Rf4 36. Qxd5 1-0

[Event "9eme Open International de La Fere"]
[Site "La Fere (FRA)"]
[Date "2010.07.04"]
[Round "2.23"]
[White "Debevere, Francois-Xavier"]
[Black "Rigolot, Lucie"]
[Result "0-1"]
[WhiteElo "1740"]
[BlackElo "1902"]
[PlyCount "50"]
[EventDate "2010.??.??"]

1. e4 c5 2. Nf3 d6 3. Bc4 e6 4. O-O Nf6 5. Nc3 Be7 6. d3 O-O 7. e5 dxe5 8. Nxe5
a6 9. a4 Qc7 10. Ng4 Nbd7 11. Ne4 Nd5 12. Qe2 N7b6 13. Bxd5 Nxd5 14. c4 Nb4 15.
Ng5 Qd8 16. Nf3 Qxd3 17. Qxd3 Nxd3 18. Nge5 Nb4 19. Bd2 Nc2 20. Rac1 Nd4 21.
Nxd4 cxd4 22. b4 f6 23. Nd3 Bd7 24. a5 Rac8 25. c5 Bb5 0-1

[Event "9eme Open International de La Fere"]
[Site "La Fere (FRA)"]
[Date "2010.07.04"]
[Round "2.24"]
[White "Rouffignac, Tanguy"]
[Black "Tivol, Thierry"]
[Result "0-1"]
[WhiteElo "1891"]
[BlackElo "1740"]
[PlyCount "94"]
[EventDate "2010.??.??"]

1. e4 c6 2. d4 d5 3. Nc3 dxe4 4. Nxe4 Bf5 5. Ng3 Bg6 6. h4 h6 7. Nf3 e6 8. h5
Bh7 9. Bd3 Bxd3 10. Qxd3 Bd6 11. Ne4 Nf6 12. Nxd6+ Qxd6 13. Bd2 Nbd7 14. O-O-O
b5 15. Kb1 Qd5 16. Rh4 a5 17. Re1 b4 18. g4 c5 19. b3 cxd4 20. Nxd4 Ne5 21.
Qb5+ Qxb5 22. Nxb5 Nf3 23. Nc7+ Ke7 24. Nxa8 Rxa8 25. Rh3 Nxd2+ 26. Kc1 Nde4
27. f3 Nc3 28. Kb2 Rd8 29. Rg3 Rd2 30. a3 Nfd5 31. axb4 axb4 32. g5 Nf4 33. Kc1
Rh2 34. Rg4 hxg5 35. Rxg5 Nxh5 36. Ra5 Nf4 37. Ra7+ Kf6 38. Rb7 Nfd5 39. Kb2
Rh4 40. Ra1 Rf4 41. Raa7 Kg6 42. Ra1 Rxf3 43. Rb8 Kf6 44. Rf8 Rf2 45. Rf1 Na4+
46. bxa4 Rxf1 47. a5 Rf3 0-1

[Event "9eme Open International de La Fere"]
[Site "La Fere (FRA)"]
[Date "2010.07.04"]
[Round "2.25"]
[White "Van Poucke, Philippe"]
[Black "Sivertsen, Aage"]
[Result "0-1"]
[WhiteElo "1730"]
[BlackElo "1876"]
[PlyCount "92"]
[EventDate "2010.??.??"]

1. e4 d5 2. e5 c5 3. b3 Nc6 4. Bb2 a6 5. f4 Nh6 6. Nf3 Bg4 7. Be2 e6 8. O-O Be7
9. c3 O-O 10. a3 Nf5 11. h3 Bxf3 12. Rxf3 c4 13. g4 Nh4 14. Rf2 Bc5 15. d4 cxd3
16. Bxd3 Qb6 17. Qc2 Ng6 18. Bc1 Na5 19. b4 Bxf2+ 20. Kf1 Nc4 21. Qxf2 Qxf2+
22. Kxf2 Rac8 23. Ra2 Rc7 24. a4 b6 25. Be3 Nxe3 26. Kxe3 f6 27. exf6 gxf6 28.
Rf2 Ne7 29. h4 a5 30. b5 Kg7 31. h5 Rfc8 32. Kd4 Rc4+ 33. Bxc4 Rxc4+ 34. Kd3
Rxa4 35. g5 fxg5 36. fxg5 Nf5 37. Re2 Kf7 38. g6+ hxg6 39. hxg6+ Kxg6 40. Nd2
Rg4 41. c4 Rg3+ 42. Kc2 Nd4+ 43. Kd1 Nxe2 44. Kxe2 Rg2+ 45. Kd3 Rxd2+ 46. Kxd2
dxc4 0-1

[Event "9eme Open International de La Fere"]
[Site "La Fere (FRA)"]
[Date "2010.07.04"]
[Round "2.26"]
[White "Cardon, Pierre"]
[Black "Durot, Edwige"]
[Result "1-0"]
[WhiteElo "1871"]
[BlackElo "1721"]
[PlyCount "125"]
[EventDate "2010.??.??"]

1. d4 Nf6 2. c4 e6 3. Nc3 Bb4 4. Qc2 Nc6 5. Nf3 h6 6. g3 Bxc3+ 7. Qxc3 d5 8. b3
O-O 9. Bg2 Ne4 10. Qc2 Nb4 11. Qb1 c6 12. O-O Qf6 13. Ne5 Ng5 14. Bb2 Qd8 15.
Ba3 a5 16. Rd1 Re8 17. Bxb4 axb4 18. c5 Nh7 19. Nd3 Qa5 20. Qc1 b6 21. Qd2 bxc5
22. dxc5 Bb7 23. Qxb4 Qxb4 24. Nxb4 Ra5 25. Nd3 Rea8 26. Rd2 Nf6 27. Rb2 Ba6
28. b4 Ra4 29. Ne5 Bb5 30. e3 Rb8 31. Bf1 Bxf1 32. Nxc6 Rb7 33. Kxf1 Ne4 34.
Ke1 Nxc5 35. Rc2 Nd3+ 36. Ke2 Nxb4 37. Rb2 Rb6 38. Rxb4 Raxb4 39. Nxb4 Rxb4 40.
a4 Kf8 41. Kd3 Ke7 42. a5 Rb7 43. a6 Ra7 44. Kc3 e5 45. Kb4 Kd6 46. Kb5 Ra8 47.
a7 d4 48. exd4 exd4 49. Kb6 Kd5 50. Kb7 Re8 51. a8=Q Rxa8 52. Rxa8 d3 53. Kc7
Kc4 54. Kd7 d2 55. Ra1 Kd3 56. Ke7 f5 57. Ke6 f4 58. gxf4 Ke2 59. Kf7 g5 60.
fxg5 hxg5 61. Kg6 g4 62. Kg5 Kf3 63. Rd1 1-0

[Event "9eme Open International de La Fere"]
[Site "La Fere (FRA)"]
[Date "2010.07.04"]
[Round "2.27"]
[White "Eeckhout, Jean-Louis"]
[Black "Dumas, Victor"]
[Result "1/2-1/2"]
[WhiteElo "1713"]
[BlackElo "1865"]
[PlyCount "97"]
[EventDate "2010.??.??"]

1. d4 d5 2. c4 dxc4 3. Qa4+ Nc6 4. Nf3 Nf6 5. Qxc4 Bf5 6. Nc3 e6 7. Bg5 Bb4 8.
a3 Qd5 9. Qxd5 Bxc3+ 10. bxc3 Nxd5 11. Rc1 f6 12. Bh4 O-O-O 13. Nd2 Bg6 14. e4
Nb6 15. Be2 Rd7 16. f4 Kb8 17. O-O Na5 18. Bg3 Ka8 19. Bf2 Rhd8 20. g4 Nc6 21.
f5 exf5 22. gxf5 Bf7 23. Bb5 Re7 24. Rfe1 Na5 25. Bd3 Nac4 26. Nxc4 Bxc4 27.
Bc2 Rde8 28. Rcd1 a5 29. Bg3 Bb5 30. Rb1 Ba4 31. Bd3 Ka7 32. Kf2 g6 33. fxg6
hxg6 34. c4 Rd8 35. d5 Nc8 36. e5 fxe5 37. Bxe5 Rf8+ 38. Kg1 b6 39. Bg3 Rxe1+
40. Rxe1 Nd6 41. Kg2 Bb3 42. Rc1 Kb7 43. Bf2 a4 44. Bg3 Nf5 45. Bxf5 Rxf5 46.
d6 cxd6 47. Bxd6 Kc6 48. Bb4 g5 49. Kg3 1/2-1/2

[Event "9eme Open International de La Fere"]
[Site "La Fere (FRA)"]
[Date "2010.07.04"]
[Round "2.28"]
[White "Vandervorst, Marc"]
[Black "Dernoncourt, Christophe"]
[Result "1-0"]
[WhiteElo "1865"]
[BlackElo "1706"]
[PlyCount "131"]
[EventDate "2010.??.??"]

1. e4 e6 2. d4 d5 3. Nc3 c5 4. Nf3 cxd4 5. Nxd4 Bb4 6. Nde2 dxe4 7. Qxd8+ Kxd8
8. Bd2 Bxc3 9. Bxc3 Nf6 10. Ng3 Nbd7 11. O-O-O Kc7 12. Bb5 Nc5 13. b4 a6 14.
Be2 Ncd7 15. Kb2 b6 16. f3 exf3 17. Bxf3 Bb7 18. Rhf1 Bxf3 19. Rxf3 Rac8 20. a3
Rhe8 21. h3 Kb7 22. Nh5 Rc7 23. Nxf6 Nxf6 24. Bxf6 gxf6 25. Rxf6 Rg8 26. Rd2
Kc6 27. g4 h5 28. gxh5 Rh8 29. h6 Rg8 30. Rdf2 Rg6 31. h4 Kd5 32. h7 Rc8 33.
Rxf7 Rh8 34. Ra7 Rh6 35. Rxa6 e5 36. Rf7 Kc4 37. Raa7 Rxh4 38. Rad7 Rc8 39. Ra7
b5 40. Rg7 Rh8 41. Rg5 Re8 42. Rag7 Rh8 43. Rxe5 R8xh7 44. Rxh7 Rxh7 45. Rc5+
Kd4 46. Rxb5 Rh3 47. Rc5 Rh8 48. a4 Rb8 49. Kb3 Rb7 50. a5 Rb8 51. Rc7 Kd5 52.
c4+ Kd6 53. Rh7 Re8 54. Ka4 Kc6 55. Rh6+ Kb7 56. b5 Rc8 57. Kb4 Rc7 58. a6+ Kb8
59. b6 Rc8 60. Kb5 Rg8 61. c5 Rd8 62. Rh5 Rg8 63. a7+ Kb7 64. c6+ Ka8 65. Ka6
Rg5 66. b7# 1-0

[Event "9eme Open International de La Fere"]
[Site "La Fere (FRA)"]
[Date "2010.07.04"]
[Round "2.29"]
[White "Boudier, Eric"]
[Black "Matschek, Norbert"]
[Result "1-0"]
[WhiteElo "1862"]
[BlackElo "1683"]
[PlyCount "57"]
[EventDate "2010.??.??"]

1. Nc3 d5 2. e4 c6 3. d4 g6 4. Be3 Bg7 5. e5 e6 6. Bd3 c5 7. dxc5 Bxe5 8. Nf3
Bg7 9. Nb5 Bxb2 10. Nd6+ Kf8 11. Rb1 Bc3+ 12. Nd2 b6 13. O-O Na6 14. Qf3 f6 15.
Nxc8 Qxc8 16. Nb3 Nxc5 17. Bxc5+ bxc5 18. Ba6 Qxa6 19. Qxc3 c4 20. Nc5 Qd6 21.
Qa3 Kf7 22. Rb7+ Ne7 23. Rd7 Qe5 24. Nd3 Rhe8 25. Nxe5+ fxe5 26. Qf3+ Kg8 27.
Rb1 Rf8 28. Qa3 Rae8 29. Rxe7 1-0

[Event "9eme Open International de La Fere"]
[Site "La Fere (FRA)"]
[Date "2010.07.04"]
[Round "2.30"]
[White "Brelot, Loic"]
[Black "Louis, Andre"]
[Result "0-1"]
[WhiteElo "1706"]
[BlackElo "1853"]
[PlyCount "98"]
[EventDate "2010.??.??"]

1. d4 Nf6 2. c4 g6 3. Nc3 d5 4. Nf3 Bg7 5. cxd5 Nxd5 6. e4 Nxc3 7. bxc3 O-O 8.
Be2 c5 9. Be3 Qa5 10. Qd2 Nc6 11. e5 Rd8 12. O-O Nxe5 13. Rfe1 Bf5 14. Nxe5
Bxe5 15. Qb2 cxd4 16. cxd4 Bf6 17. Bf3 Rd7 18. Rac1 Kg7 19. Rc5 Qa4 20. Be2
Rad8 21. Rec1 Bxd4 22. Bxd4+ Qxd4 23. Qb3 Be6 24. Qc2 Bf5 25. Qb3 b6 26. Rc7
Rxc7 27. Rxc7 Qa1+ 28. Bf1 Bd3 29. Qc3+ Qxc3 30. Rxc3 Bxf1 31. Kxf1 Rd1+ 32.
Ke2 e5 33. f3 Rd4 34. Rc7 Ra4 35. Rc2 e4 36. fxe4 Rxe4+ 37. Kd3 Ra4 38. Re2 g5
39. h3 h5 40. Re5 Kg6 41. Re2 a5 42. Rb2 Rb4 43. Rc2 a4 44. Rc6+ f6 45. Kc3 Rb1
46. Kd4 Rb2 47. g4 hxg4 48. hxg4 b5 49. a3 b4 0-1

[Event "9eme Open International de La Fere"]
[Site "La Fere (FRA)"]
[Date "2010.07.04"]
[Round "2.31"]
[White "Ben Porat, Tal"]
[Black "Gaubert, Virginie"]
[Result "1-0"]
[WhiteElo "1849"]
[BlackElo "1674"]
[PlyCount "39"]
[EventDate "2010.??.??"]

1. e4 c5 2. Nf3 d6 3. d4 cxd4 4. Nxd4 Nf6 5. Nc3 g6 6. f4 Bg7 7. e5 dxe5 8.
fxe5 Nd5 9. Bb5+ Kf8 10. Qf3 Nxc3 11. O-O Qxd4+ 12. Be3 Qd5 13. Rad1 Be6 14.
bxc3 Qxb5 15. Rd8+ Qe8 16. Rxe8+ Kxe8 17. Qxb7 Bxe5 18. Qxa8 a6 19. Ba7 Kd7 20.
Qb7+ 1-0

[Event "9eme Open International de La Fere"]
[Site "La Fere (FRA)"]
[Date "2010.07.04"]
[Round "2.32"]
[White "Azzouz, Belkhelfa"]
[Black "Lorente, Philippe"]
[Result "1-0"]
[WhiteElo "1841"]
[BlackElo "1632"]
[PlyCount "40"]
[EventDate "2010.??.??"]

1. e4 c6 2. d3 d5 3. Nd2 e5 4. Ngf3 Bd6 5. Be2 Nf6 6. O-O Bg4 7. c3 O-O 8. Qb3
Qc7 9. Re1 Nbd7 10. h3 Bh5 11. Qc2 Rac8 12. Nf1 h6 13. Ng3 Bg6 14. Nh4 Nc5 15.
Bf3 Ne6 16. Ngf5 Bh5 17. Qe2 Bxf3 18. Qxf3 Ng5 19. Nxh6+ gxh6 20. Qxf6 Kh7 1-0

[Event "9eme Open International de La Fere"]
[Site "La Fere (FRA)"]
[Date "2010.07.04"]
[Round "2.33"]
[White "Lever, Erwan"]
[Black "De Brouwere, Johan"]
[Result "1-0"]
[WhiteElo "1595"]
[BlackElo "1835"]
[PlyCount "69"]
[EventDate "2010.??.??"]

1. d4 d5 2. Nf3 Nf6 3. Bf4 g6 4. e3 Bg7 5. c4 O-O 6. Nc3 c5 7. dxc5 Qa5 8. Rc1
Ne4 9. Be5 f6 10. Bg3 Rd8 11. cxd5 Nc6 12. Bc4 e6 13. O-O Nxg3 14. hxg3 Qxc5
15. dxe6 Qxc4 16. e7 Re8 17. Nd5 Qxa2 18. Nc7 Bg4 19. Nxa8 Qa5 20. Qb3+ Kh8 21.
Qf7 Rxe7 22. Qc4 Be6 23. Qe4 Bd5 24. Qf4 g5 25. Qg4 Be6 26. Qe4 f5 27. Qd3 h6
28. Qd6 Qd8 29. Rxc6 Rd7 30. Qxe6 bxc6 31. Qxc6 Bxb2 32. Qxh6+ Rh7 33. Qxg5
Qxa8 34. Qxf5 a5 35. Ne5 1-0

[Event "9eme Open International de La Fere"]
[Site "La Fere (FRA)"]
[Date "2010.07.04"]
[Round "2.34"]
[White "Nicolas, Christian"]
[Black "Calonne, Pascal"]
[Result "1/2-1/2"]
[WhiteElo "1830"]
[BlackElo "1559"]
[PlyCount "143"]
[EventDate "2010.??.??"]

1. e4 c5 2. Nc3 e6 3. g3 Nc6 4. Bg2 Nf6 5. d3 d5 6. exd5 Nxd5 7. Nge2 Nxc3 8.
Nxc3 Bd7 9. O-O Be7 10. Be3 Rb8 11. Ne4 b6 12. Qg4 O-O 13. Bh6 Bf6 14. Bc1 Nd4
15. c3 Nf5 16. Qf3 Be7 17. Bf4 Rc8 18. Rfe1 Bc6 19. Rad1 Nd6 20. Qe2 Ne8 21. d4
Bd5 22. c4 Bxe4 23. Qxe4 Nf6 24. Qd3 cxd4 25. Bb7 Rc5 26. Qxd4 Qxd4 27. Rxd4
Rf5 28. Bd6 Bxd6 29. Rxd6 Ng4 30. f3 Ne5 31. b3 Nxf3+ 32. Bxf3 Rxf3 33. Rd7 Ra8
34. Red1 Kf8 35. Rb7 Rf6 36. Rf1 Rxf1+ 37. Kxf1 f5 38. Kf2 e5 39. Ke3 Kg8 40.
Re7 e4 41. Kf4 g6 42. g4 fxg4 43. Kxg4 e3 44. Rxe3 Rf8 45. b4 Kg7 46. c5 bxc5
47. bxc5 h5+ 48. Kg3 Rc8 49. Rc3 Rc6 50. Kf4 Kf6 51. Ke4 Ke6 52. Kd4 h4 53.
Re3+ Kd7 54. Kd5 Rf6 55. h3 Rf5+ 56. Re5 Rf6 57. Re3 a5 58. Ra3 Ra6 59. Ra4 g5
60. Rg4 Rg6 61. c6+ Kc7 62. a4 Rd6+ 63. Kc5 Rxc6+ 64. Kb5 Rc3 65. Rxg5 Rg3 66.
Rc5+ Kb7 67. Kxa5 Rxh3 68. Rh5 Rh1 69. Rh7+ Kc6 70. Ka6 h3 71. a5 h2 72. Ka7
1/2-1/2

[Event "9eme Open International de La Fere"]
[Site "La Fere (FRA)"]
[Date "2010.07.04"]
[Round "2.35"]
[White "Paillard, Maximilien"]
[Black "Obert, Julien"]
[Result "1/2-1/2"]
[WhiteElo "1578"]
[BlackElo "1816"]
[PlyCount "49"]
[EventDate "2010.??.??"]

1. d4 d5 2. e3 Nf6 3. Bd3 Nc6 4. f4 g6 5. Nf3 Bg4 6. Nbd2 Bg7 7. O-O O-O 8. c3
e6 9. Qb3 Qc8 10. Ne5 Nxe5 11. fxe5 Nd7 12. h3 Bf5 13. Bxf5 gxf5 14. Rf3 f6 15.
exf6 Nxf6 16. Rg3 Kh8 17. Qd1 Qd7 18. Rf3 Ne4 19. Nxe4 fxe4 20. Rxf8+ Rxf8 21.
Qe2 Kg8 22. Bd2 c6 23. Be1 e5 24. Bg3 exd4 25. cxd4 1/2-1/2

[Event "9eme Open International de La Fere"]
[Site "La Fere (FRA)"]
[Date "2010.07.04"]
[Round "2.36"]
[White "Parent, Henri"]
[Black "Herman, Jose"]
[Result "1-0"]
[WhiteElo "1776"]
[BlackElo "1640"]
[PlyCount "151"]
[EventDate "2010.??.??"]

1. e4 e5 2. Nf3 d6 3. c3 Nc6 4. Bb5 Bd7 5. d3 Nf6 6. O-O Be7 7. Re1 O-O 8. h3
Qc8 9. Nbd2 a6 10. Bxc6 Bxc6 11. Qb3 Bd7 12. d4 Be6 13. Qc2 exd4 14. cxd4 d5
15. e5 Bf5 16. Qb3 Ne4 17. Qxd5 Rd8 18. Qb3 Nxd2 19. Bxd2 Be6 20. Qc3 Bd5 21.
Re3 c6 22. Qd3 Qe6 23. a3 c5 24. Bc3 Rd7 25. b4 Rad8 26. bxc5 Bxf3 27. Rxf3
Bxc5 28. Rf4 Qxe5 29. Qxh7+ Kxh7 30. dxe5 Rd3 31. Ba5 R8d7 32. a4 Bd4 33. Re1
b6 34. Bb4 a5 35. Bd6 g6 36. Kf1 Bc3 37. Rb1 Rb7 38. Bc5 Bxe5 39. Rxb6 Rbd7 40.
Rh4+ Kg7 41. Be3 R3d5 42. Ra6 Rd8 43. Bh6+ Kg8 44. Be3 Bc3 45. Rc4 Bb4 46. g3
Rf5 47. Kg2 Rdd5 48. Rc2 Kg7 49. Rb6 Rd7 50. Rb5 Rxb5 51. axb5 Rb7 52. b6 Bd6
53. Rc4 f6 54. Bf4 Bxf4 55. Rxf4 Rxb6 56. Ra4 Rb5 57. g4 Kf7 58. Kf3 Ke6 59.
Ke4 Rb4+ 60. Rxb4 axb4 61. f4 b3 62. Kd3 b2 63. Kc2 b1=Q+ 64. Kxb1 Kd5 65. h4
f5 66. gxf5 gxf5 67. h5 Ke6 68. Kc2 Kf7 69. Kd3 Kg7 70. Kd4 Kh6 71. Ke5 Kxh5
72. Kxf5 Kh6 73. Ke6 Kg7 74. Kf5 Kf8 75. Kf6 Ke8 76. Kg7 1-0

[Event "9eme Open International de La Fere"]
[Site "La Fere (FRA)"]
[Date "2010.07.04"]
[Round "2.37"]
[White "Brobecker, Alain"]
[Black "Van Foreest, Lucas"]
[Result "1-0"]
[WhiteElo "1767"]
[BlackElo "1641"]
[PlyCount "81"]
[EventDate "2010.??.??"]

1. g3 e5 2. c4 Nc6 3. Bg2 Nf6 4. Nc3 Be7 5. d3 O-O 6. Nf3 d6 7. a3 Be6 8. b4 e4
9. Ng5 exd3 10. Nxe6 fxe6 11. exd3 d5 12. O-O Ne5 13. Bf4 Ng6 14. Bg5 c6 15.
Qe1 dxc4 16. Qxe6+ Kh8 17. dxc4 Re8 18. Rad1 Qc7 19. Qf5 Rad8 20. Qc2 a5 21. c5
axb4 22. axb4 Qe5 23. Bxf6 Bxf6 24. Ne4 Be7 25. Rfe1 Qc7 26. Nd6 Bxd6 27. Rxe8+
Rxe8 28. cxd6 Qd7 29. Be4 Nf8 30. Bf5 Qd8 31. b5 Re5 32. bxc6 bxc6 33. d7 h6
34. Bg4 c5 35. f4 Re7 36. Qxc5 Nxd7 37. Qd4 Rf7 38. Bxd7 Re7 39. Kf2 Qc7 40.
Bg4 Qc2+ 41. Rd2 1-0

[Event "9eme Open International de La Fere"]
[Site "La Fere (FRA)"]
[Date "2010.07.04"]
[Round "2.38"]
[White "Brugge, Bruno"]
[Black "Meuriot, Philippe"]
[Result "1-0"]
[WhiteElo "1730"]
[BlackElo "1561"]
[PlyCount "38"]
[EventDate "2010.??.??"]

1. c4 e5 2. g3 Nf6 3. Bg2 d5 4. cxd5 Nxd5 5. Nc3 Be6 6. Nf3 Nc6 7. d3 f6 8. O-O
Qd7 9. a3 Bc5 10. Bd2 O-O-O 11. b4 Bb6 12. Na4 a6 13. Nxb6+ Nxb6 14. Be3 Nd5
15. Bd2 g5 16. Qb1 h5 17. a4 Na7 18. b5 axb5 19. axb5 Nxb5 1-0

[Event "9eme Open International de La Fere"]
[Site "La Fere (FRA)"]
[Date "2010.07.04"]
[Round "2.39"]
[White "Huyet, Yannick"]
[Black "Caloone, Thomas"]
[Result "1/2-1/2"]
[WhiteElo "1700"]
[BlackElo "1599"]
[PlyCount "80"]
[EventDate "2010.??.??"]

1. e4 e6 2. d4 d5 3. Nc3 dxe4 4. Nxe4 Nd7 5. Nf3 Ngf6 6. Nxf6+ Nxf6 7. Be2 h6
8. O-O c5 9. dxc5 Qxd1 10. Rxd1 Bxc5 11. Bf4 O-O 12. c3 Bd7 13. Ne5 Rfd8 14.
Nxd7 Rxd7 15. Rxd7 Nxd7 16. Bf3 e5 17. Rd1 exf4 18. Rxd7 Re8 19. Kf1 b5 20. Rd5
Rc8 21. Rf5 g5 22. Bd5 Rc7 23. Bxf7+ Rxf7 24. Rxc5 Rb7 25. Ke2 b4 26. cxb4 Rxb4
27. b3 Rb7 28. Kd3 Kg7 29. Kd4 a6 30. f3 Rd7+ 31. Rd5 Re7 32. Re5 Rd7+ 33. Rd5
Re7 34. Rd6 Re2 35. Rxa6 Rxg2 36. a4 g4 37. Ke4 gxf3 38. Kxf3 Rxh2 39. Kxf4
Rh4+ 40. Kg3 Rb4 1/2-1/2